| 000 | 00822nam a2200205 ca4500 | ||
|---|---|---|---|
| 001 | 000030501 | ||
| 003 | RuMoIPM | ||
| 005 | 20260506133113.0 | ||
| 008 | 260506b ur ||||| |||| 00| 0 rus d | ||
| 022 | _a1512-0058 | ||
| 040 |
_aRuMoIPM _brus _ercr |
||
| 041 |
_arus _brus _bgeo _beng |
||
| 044 | _aru | ||
| 110 | 2 | _aТбилисский государственный университет | |
| 245 | 1 | 0 | _aДоклады расширенных заседаний семинара Института прикладной математики имени И. Н. Векуа |
| 260 |
_aТбилиси _bИзд-во ТГУ |
||
| 500 | _aРез. рус., груз., англ. | ||
| 711 | 2 |
_aСеминар института прикладной математики им. И. Н. Векуа _cТбилиси |
|
| 942 | _cCR | ||
| 999 |
_c30501 _d30501 |
||